Environmental preferences and technological choices: Is market competition clean or dirty? (Record no. 522432)

000 -LEADER
fixed length control field 01173nam a22001457a 4500
008 - FIXED-LENGTH DATA ELEMENTS--GENERAL INFORMATION
fixed length control field 230411b ||||| |||| 00| 0 eng d
100 ## - MAIN ENTRY--PERSONAL NAME
Personal name Aghion, Philippe
245 ## - TITLE STATEMENT
Title Environmental preferences and technological choices: Is market competition clean or dirty?
260 ## - PUBLICATION, DISTRIBUTION, ETC. (IMPRINT)
Place of publication, distribution, etc American Economic Review: Insights
300 ## - PHYSICAL DESCRIPTION
Extent 5(1), Mar, 2023: p.1-20
520 ## - SUMMARY, ETC.
Summary, etc We investigate the effects of consumers' environmental concerns and market competition on firms' decisions to innovate in "clean" technologies. Agents care about their consumption and environmental footprint; firms pursue greener products to soften price competition. Acting as complements, these forces determine R&D, pollution, and welfare. We test the theory using panel data on patents by 7,060 automobile sector firms in 25 countries, environmental willingness to pay, and competition. As predicted, exposure to prosocial attitudes fosters clean innovation, all the more so where competition is strong. Plausible increases in both together can spur it as much as a large fuel price increase.- Reproduced
773 ## - HOST ITEM ENTRY
Main entry heading American Economic Review: Insights
906 ## - LOCAL DATA ELEMENT F, LDF (RLIN)
Subject DIP ENVIRONMENT
942 ## - ADDED ENTRY ELEMENTS (KOHA)
Item type Articles
Holdings
Withdrawn status Lost status Source of classification or shelving scheme Damaged status Not for loan Permanent location Current location Date acquired Serial Enumeration / chronology Barcode Date last seen Koha item type
          Indian Institute of Public Administration Indian Institute of Public Administration 2023-04-11 5(1), Mar, 2023: p.1-20 AR128629 2023-04-11 Articles

Powered by Koha